000 00766nam a2200217Ii 4500
003 JO-AjNU
008 230605s9999||||xx |||||||||||||| ||und||
017 _a2000/7453
020 _a977-04-2964-3
040 _aJO-AjNU
_bara
_erda
_cJO-AjNU
041 _aara
050 1 4 _aKRM3526 2000
100 3 _aجميعي، حسن عبد الباسط,
_eauthor
_947054
245 0 0 _aإثبات التصرفات القانونية التي يتم إبرامها عن طريق الإنترنت
264 3 1 _aالقاهرة: دار النهضة العربية، 2000
300 _a152ص
336 _atext
_btxt
_2rdacontent
337 _aunmediated
_bn
_2rdamedia
338 _avolume
_bnc
_2rdacarrier
650 4 _aالقانون - العقود - الانترنت
_947055
999 _aA20514
_c24082
_d24082